Job security and long-term investment (Registro nro. 49978)
[ vista simple ]
| 000 -CABECERA | |
|---|---|
| Longitud fija campo de control | 01295naa a2200337 c 4500 |
| 001 - NÚMERO DE CONTROL | |
| Número de control | 49978 |
| 003 - IDENTIFICADOR DE NÚMERO DE CONTROL | |
| Identificador del número de control | ES-MaCES |
| 005 - FECHA Y HORA DE LA ÚLTIMA TRANSACCIÓN | |
| Fecha y hora de la última transacción | 20170928133723.0 |
| 008 - CAMPO FIJO DE DESCRIPCIÓN FIJA--INFORMACIÓN GENERAL | |
| Códigos de información de longitud fija | 170928s2017 ne ||||| t||||||| ||eng d |
| 040 ## - FUENTE DE CATALOGACIÓN | |
| Centro catalogador de origen | ES-MaCES |
| Lengua de catalogación | spa |
| Centro transcriptor | ES-MaCES |
| Centro modificado | ES-MaCES |
| 245 00 - MENCIÓN DE TÍTULO | |
| Título | Job security and long-term investment |
| Resto del título | : an experimental analysis |
| Mención de responsabilidad, etc. | Gary Charness, Ramón Cobo-Reyes, Natalia Jiménez, Juan A. Lacomba, Francisco Lagos |
| 500 ## - NOTA GENERAL | |
| Nota general | Resumen |
| 504 ## - NOTA DE BIBLIOGRAFÍA, ETC. | |
| Nota de bibliografía, etc. | Bibliografía: p. 214 |
| 650 #4 - ASIENTO SECUNDARIO DE MATERIA--TÉRMINO DE MATERIA | |
| 9 (RLIN) | 28292 |
| Término de materia o nombre geográfico como elemento inicial | mercado de trabajo |
| 650 #4 - ASIENTO SECUNDARIO DE MATERIA--TÉRMINO DE MATERIA | |
| 9 (RLIN) | 28301 |
| Término de materia o nombre geográfico como elemento inicial | seguridad en el empleo |
| 650 #4 - ASIENTO SECUNDARIO DE MATERIA--TÉRMINO DE MATERIA | |
| 9 (RLIN) | 29076 |
| Término de materia o nombre geográfico como elemento inicial | protección social |
| 650 #4 - ASIENTO SECUNDARIO DE MATERIA--TÉRMINO DE MATERIA | |
| 9 (RLIN) | 28141 |
| Término de materia o nombre geográfico como elemento inicial | inversión |
| 650 #4 - ASIENTO SECUNDARIO DE MATERIA--TÉRMINO DE MATERIA | |
| 9 (RLIN) | 30141 |
| Término de materia o nombre geográfico como elemento inicial | fondo de los asalariados |
| 650 #4 - ASIENTO SECUNDARIO DE MATERIA--TÉRMINO DE MATERIA | |
| 9 (RLIN) | 28316 |
| Término de materia o nombre geográfico como elemento inicial | contrato de trabajo |
| 650 #4 - ASIENTO SECUNDARIO DE MATERIA--TÉRMINO DE MATERIA | |
| 9 (RLIN) | 28387 |
| Término de materia o nombre geográfico como elemento inicial | salario |
| 650 #4 - ASIENTO SECUNDARIO DE MATERIA--TÉRMINO DE MATERIA | |
| 9 (RLIN) | 29368 |
| Término de materia o nombre geográfico como elemento inicial | modelo econométrico |
| 653 ## - TÉRMINO DE INDEXACIÓN--NO CONTROLADO | |
| Término no controlado | Relaciones laborales-Empleo |
| 700 1# - ENCABEZAMIENTO SECUNDARIO--NOMBRE PERSONAL | |
| 9 (RLIN) | 9505 |
| Nombre de persona | Charness, Gary |
| 700 ## - ENCABEZAMIENTO SECUNDARIO--NOMBRE PERSONAL | |
| 9 (RLIN) | 38577 |
| Nombre de persona | Cobo Reyes, Ramón |
| 700 ## - ENCABEZAMIENTO SECUNDARIO--NOMBRE PERSONAL | |
| 9 (RLIN) | 38578 |
| Nombre de persona | Jiménez, Natalia |
| 700 ## - ENCABEZAMIENTO SECUNDARIO--NOMBRE PERSONAL | |
| 9 (RLIN) | 38579 |
| Nombre de persona | Lacomba, Juan A. |
| 700 ## - ENCABEZAMIENTO SECUNDARIO--NOMBRE PERSONAL | |
| 9 (RLIN) | 38580 |
| Nombre de persona | Lagos, Francisco |
| 773 0# - ENTRADA DE DOCUMENTO FUENTE | |
| Itemnumber del ítem fuente | 86281 |
| Lugar, editor y fecha de publicación | Amsterdam (P.O. Box 211, 1000 AE) Elsevier Science |
| Otro identificador del documento | 089178 |
| Título | European economic review |
| Número de control del registro relacionado | (ES-MaCES)25173 |
| Parte(s) relacionada(s) | vol. 95 (June 2017) {10156 R. 089178} ;p. 195-214 |
| 902 ## - CES. TIPO DE DOCUMENTO | |
| Tipodoc (006$c Sirtex) | ART Artículo de revista |
| 942 ## - ELEMENTOS KOHA | |
| Fuente de clasificaión o esquema | Clasificación propia del CES |
| Koha [por defecto] tipo de item | Artículos (1982-2017) |
| Parte de clasificación | Relaciones Laborales y Rel. Lab.- Empleo |
No hay ítems disponibles.
